Propuesta técnico pedagógicas para el diseño, desarrollo, aplicación y evaluación didáctica de materiales educativos multimedia en la asignatura de dibujo y geometría descriptiva II de la carrera de Ingeniería Química, II semestre del año 2009
Presenta construcción y validación de propuesta técnico pedagógicas que orienten los procesos de diseño, desarrollo aplicación y evaluación didáctica de materiales educativos multimedia para que estos sean considerados como recursos didácticamente adecuados para el estudio y el aprendizaje....
| Main Author: | |
|---|---|
| Other Authors: | |
| Format: | Tesis Section = Libro |
| Language: | Undetermined Spanish |
| Published: |
Managua
UNI
2010
|
| Subjects: |
| LEADER | 01327nam a2200241Ia 4500 | ||
|---|---|---|---|
| 008 | 240830s9999 xx 000 0 und d | ||
| 040 | |a BIBLIOTECA-RUPAP M.Mon 371.335 T866 | ||
| 041 | |a spa | ||
| 082 | |a M.Mon 371.335 T866 | ||
| 100 | 1 | |a Trujillo Zapata, Norman René | |
| 245 | 1 | 0 | |a Propuesta técnico pedagógicas para el diseño, desarrollo, aplicación y evaluación didáctica de materiales educativos multimedia en la asignatura de dibujo y geometría descriptiva II de la carrera de Ingeniería Química, II semestre del año 2009 |
| 260 | |a Managua |b UNI |c 2010 | ||
| 300 | |a 181 p. :il. | ||
| 502 | |a Tesis (Máster en Didáctica de la Enseñanza de la Ingeniería y la Arquitectura en la Educación Superior)- UNI, 2010. | ||
| 520 | 3 | |a Presenta construcción y validación de propuesta técnico pedagógicas que orienten los procesos de diseño, desarrollo aplicación y evaluación didáctica de materiales educativos multimedia para que estos sean considerados como recursos didácticamente adecuados para el estudio y el aprendizaje. | |
| 650 | 7 | |a MÉTODOS DE ENSEÑANZA Y ESTUDIO | |
| 650 | 7 | |b MATERIALES AUDIOVISUALES - ENSEÑANZA | |
| 650 | 7 | |c PEDAGOGÍA | |
| 650 | 7 | |d CALIDAD DE LA EDUCACIÓN | |
| 700 | 1 | |a Tutor: |b Ortega, Oneyda | |
| 942 | |c BK |2 ddc | ||
| 991 | |a TESIS | ||
| 999 | |c 15198 | ||